000 00495nam a2200133Ia 4500
008 100328s9999 xx 000 0 und d
082 _b67329
100 _aमांडे अरुण-अनु.(मूळ लेखक- आर्थर हेली).
245 _aफायनल डायग्नॉसिस.
260 _bउत्कर्ष.
630 _aफायनल डायग्नॉसिस.
730 _aफायनल डायग्नॉसिस.
942 _cBOOK
999 _c553068
_d553065